Nommez une réponse valide - Culture Générale. - Statistiques

Statistiques générales
  • Ce quiz a été pris 7 007 fois
    5 470 depuis la dernière actualisation
  • Le résultat moyen est 13 sur 17
Statistiques - réponses
Possibilités Question Réponse % Correct
3 Une couleur primaire Magenta | Cyan | Jaune
98%
6 Nombre orthographié en anglais avec exactement cinq lettres (écrivez-le en lettres) three | seven | eight | forty | fifty | sixty
97%
3 Pays faisant partie du "BeNeLux". Belgique | Pays-Bas | Luxembourg
91%
5 Pays de la péninsule arabique autre que l'Arabie Saoudite Koweït | Oman | Qatar | Emirats Arabes Unis | Yémen
91%
6 Année bissextils en France depuis 2001. 2004 | 2008 | 2012 | 2016 | 2020 | 2024
87%
6 Une arme dans le jeu de société "Cluedo" chandelier | clef anglaise | corde | matraque | poignard | revolver
87%
2 Atome présent dans une molécule d'eau. Hydrogène | Oxygène
85%
4 L'un des présidents représenté sur le mont Rushmore. George Washington | Thomas Jefferson | Théodore Roosevelt | Abraham Lincoln
84%
6 Membre de la première bande des enfoirés en 1985. Jean-Jacques Goldman | Coluche | Yves Montand | Nathalie Baye | Michel Platini | Michel Drucker
83%
12 L'un des apôtres de Jésus. Pierre | André | Jacques le Majeur | Jean | Philippe | Barthélemy | Thomas | Matthieu | Jacques le Mineur | Jude | Simon le Zélote | Judas
77%
4 Langue qui utilise cette lettre : ø Danois | Norvégien | Féroïen | Same du Sud
66%
3 L'un des trois mousquetaires Athos | Porthos | Aramis
63%
7 Une des 7 sept merveilles du monde actuelle. Grande Muraille de Chine | Pétra | Statue du Christ rédempteur | Machu Picchu | site archéologique de Chichén Itzá | Colisée | Taj Mahal
61%
1 Pays non-Européen ayant gagné 2 coupes du monde de Football. Uruguay
59%
4 Prénom d'un des 4 amis de la série South Park. Kenny | Kyle | Stan | Eric
55%
7 Membre de la troupe du Splendid. Christian Clavier | Gérard Jugnot | Thierry Lhermitte | Michel Blanc | Josiane Balasko | Marie-Anne Chazel | Bruno Moynot
37%
5 SUV disponible à l'achat en France en 2022 chez Volkswagen. Tiguan | T-roc | T-cross | Touareg | Taigo
32%
Aucun quiz correspondant
Distribution des résultats
% des personnes avec chaque résultat
Percentile par nombre de réponses
Votre historique - résultats
Vous n’avez pas pris ce quiz depuis la dernière actualisation